[Event "1. Bundesliga 2016/2017"]
[Site "Mattersburg"]
[Date "2016.10.22"]
[Round "3"]
[Board "1"]
[White "Repka, Christopher"]
[Black "Georgiadis, Nico"]
[Result "1/2-1/2"]
[WhiteElo "2461"]
[BlackElo "2478"]
[PlyCount "81"]
[EventDate "2016.10.20"]
[EventType "team"]
[EventRounds "11"]
[EventCountry "AUT"]
[WhiteTeam "Bregenz"]
[BlackTeam "Schachclub Sparkasse Goetzis"]

1.Nf3 d5 2.g3 Nf6 3.Bg2 e6 4.O-O c5 5.c4 Nc6 6.cxd5 exd5 7.d4 Be7 8.dxc5 Bxc5 9.Nbd2
O-O 10.Nb3 Bb6 11.Nbd4 Re8 12.Be3 Bg4 13.Rc1 Qd7 14.Nxc6 Bxf3 15.exf3 Rxe3 16.Nd4
Ree8 17.Rc3 Rac8 18.Rd3 Qe7 19.Bh3 Rc4 20.Re3 Qf8 21.Rxe8 Qxe8 22.Nf5 Qd8 23.Qd2 g6
24.b3 Rc6 25.Nd4 Bxd4 26.Qxd4 Qa5 27.Qb2 Qc3 28.Qe2 Kg7 29.Rd1 Qc2 30.Re1 d4 31.Qxc2
Rxc2 32.Rd1 Rxa2 33.Rxd4 Rb2 34.b4 h5 35.Bf1 a6 36.h4 Rb1 37.Kg2 Rb2 38.g4 b5 39.Kg3
Rb3 40.g5 Ng8 41.Rd7 1/2-1/2

[Event "1. Bundesliga 2016/2017"]
[Site "Mattersburg"]
[Date "2016.10.22"]
[Round "3"]
[Board "2"]
[White "Krassowizkij, Jaroslaw"]
[Black "Henrichs, Thomas"]
[Result "1/2-1/2"]
[WhiteElo "2453"]
[BlackElo "2505"]
[PlyCount "89"]
[EventDate "2016.10.20"]
[EventType "team"]
[EventRounds "11"]
[EventCountry "AUT"]
[WhiteTeam "Schachclub Sparkasse Goetzis"]
[BlackTeam "Bregenz"]

1.c4 g6 2.d4 Nf6 3.f3 c5 4.d5 d6 5.e4 Bg7 6.Ne2 e6 7.Bg5 h6 8.Be3 exd5 9.cxd5 b5 10.Ng3
a6 11.a4 Nfd7 12.Qc2 bxa4 13.Rxa4 O-O 14.Be2 Nb6 15.Ra2 a5 16.O-O Na6 17.Qd2 Nb4 18.Ra3
Kh7 19.Nc3 Ba6 20.Bxa6 Rxa6 21.Qe2 Re8 22.Rfa1 Ra8 23.Nf1 f5 24.Rxa5 Rxa5 25.Rxa5
fxe4 26.fxe4 N6xd5 27.Ra7 Nxe3 28.Nxe3 Qg5 29.Qf2 Nd3 30.h4 Qf4 31.Qxf4 Nxf4 32.Nc4
Kg8 33.Nxd6 Re6 34.Ra8+ Kh7 35.Ne8 Bxc3 36.bxc3 Ne2+ 37.Kh2 Nxc3 38.e5 Ne4 39.Ra4
Rxe8 40.Rxe4 Rc8 41.e6 Kg7 42.Rf4 Rc7 43.g4 c4 44.e7 Rxe7 45.Rxc4 1/2-1/2

[Event "1. Bundesliga 2016/2017"]
[Site "Mattersburg"]
[Date "2016.10.22"]
[Round "3"]
[Board "3"]
[White "Weindl, Alfred"]
[Black "Hirneise, Tobias"]
[Result "0-1"]
[WhiteElo "2328"]
[BlackElo "2466"]
[PlyCount "96"]
[EventDate "2016.10.20"]
[EventType "team"]
[EventRounds "11"]
[EventCountry "AUT"]
[WhiteTeam "Bregenz"]
[BlackTeam "Schachclub Sparkasse Goetzis"]

1.c4 c5 2.Nc3 g6 3.g3 Bg7 4.Bg2 Nc6 5.b3 e5 6.Bb2 Nge7 7.e3 O-O 8.Nge2 d6 9.O-O Rb8
10.d3 a6 11.Qd2 b5 12.Nd5 Nxd5 13.Bxd5 Ne7 14.Bg2 Be6 15.Rac1 Qb6 16.d4 cxd4 17.exd4
bxc4 18.d5 Bd7 19.Rxc4 Bb5 20.Rc2 Nf5 21.Bh3 Bh6 22.Qd1 Bd7 23.Qd3 Rfc8 24.Rxc8+ Rxc8
25.Nc3 Bg7 26.Re1 h5 27.Re4 Kh8 28.Bf1 Ra8 29.Bh3 Kg8 30.Re1 a5 31.Re4 a4 32.b4 Bh6
33.a3 g5 34.Re1 g4 35.Bg2 Rc8 36.Ne4 Kg7 37.h3 f6 38.hxg4 hxg4 39.Qd1 Ne7 40.Qe2 Kf7
41.Nxf6 Kxf6 42.Bxe5+ Kf7 43.Bf4 Bf8 44.Qd3 Ng6 45.Re6 Nxf4 46.Qf5+ Kg8 47.Qxg4+ Bg7
48.gxf4 Rc1+ 0-1

[Event "1. Bundesliga 2016/2017"]
[Site "Mattersburg"]
[Date "2016.10.22"]
[Round "3"]
[Board "4"]
[White "Kvetny, Mark"]
[Black "Dobosz, Henryk"]
[Result "1-0"]
[WhiteElo "2377"]
[BlackElo "2379"]
[PlyCount "87"]
[EventDate "2016.10.20"]
[EventType "team"]
[EventRounds "11"]
[EventCountry "AUT"]
[WhiteTeam "Schachclub Sparkasse Goetzis"]
[BlackTeam "Bregenz"]

1.d4 Nf6 2.c4 c6 3.Nc3 d5 4.cxd5 cxd5 5.Bf4 Nc6 6.e3 Bf5 7.Qb3 Na5 8.Qa4+ Bd7 9.Qc2
e6 10.Nf3 Rc8 11.Bd3 Nc4 12.O-O b5 13.a3 Be7 14.h3 O-O 15.Rfc1 a5 16.Qe2 Qb6 17.Ne5
Rfd8 18.a4 bxa4 19.Nxc4 dxc4 20.Bxc4 Qb4 21.Ba6 Ra8 22.Bc7 Re8 23.Be5 Ra7 24.Bb5 Rc8
25.Bxf6 gxf6 26.Nd5 Rxc1+ 27.Rxc1 Qd6 28.Nxe7+ Qxe7 29.Rc5 Rb7 30.Bxd7 Qxd7 31.Rxa5
Rb8 32.Rc5 Qb7 33.Kh2 f5 34.Rc2 Qb3 35.Qd2 Qd5 36.Rc5 Qb3 37.Rc2 Qd5 38.Rc5 Qb3 39.e4
Qxb2 40.Qg5+ Kf8 41.Rc7 Qb4 42.e5 Ke8 43.Qf6 Qf8 44.d5 1-0

[Event "1. Bundesliga 2016/2017"]
[Site "Mattersburg"]
[Date "2016.10.22"]
[Round "3"]
[Board "5"]
[White "Repkova, Eva"]
[Black "Matt, Fabian"]
[Result "1/2-1/2"]
[WhiteElo "2329"]
[BlackElo "2259"]
[PlyCount "60"]
[EventDate "2016.10.20"]
[EventType "team"]
[EventRounds "11"]
[EventCountry "AUT"]
[WhiteTeam "Bregenz"]
[BlackTeam "Schachclub Sparkasse Goetzis"]

1.e4 c5 2.Nf3 d6 3.Bc4 a6 4.a4 e6 5.O-O Nf6 6.d3 Be7 7.Bb3 Nc6 8.c3 O-O 9.Re1 Na5
10.Bc2 e5 11.Nbd2 Bd7 12.Nf1 b5 13.axb5 axb5 14.Ne3 g6 15.d4 cxd4 16.cxd4 exd4 17.Nxd4
Re8 18.Qd3 Bf8 19.Nxb5 Nxe4 20.Nd5 Nc5 21.Rxe8 Bxe8 22.Qe2 Bxb5 23.Qxb5 Nab3 24.Rxa8
Qxa8 25.Bxb3 Qa1 26.Bc4 Qxc1+ 27.Bf1 Ne4 28.Qc4 Qxc4 29.Bxc4 Bg7 30.b4 Bd4 1/2-1/2

[Event "1. Bundesliga 2016/2017"]
[Site "Mattersburg"]
[Date "2016.10.22"]
[Round "3"]
[Board "6"]
[White "Anistratov, Dmitrij"]
[Black "Poettinger, Harald"]
[Result "1-0"]
[WhiteElo "2273"]
[BlackElo "2198"]
[PlyCount "63"]
[EventDate "2016.10.20"]
[EventType "team"]
[EventRounds "11"]
[EventCountry "AUT"]
[WhiteTeam "Schachclub Sparkasse Goetzis"]
[BlackTeam "Bregenz"]

1.Nf3 d6 2.d4 g6 3.e4 Bg7 4.Nc3 a6 5.a4 b6 6.Bc4 e6 7.h4 h6 8.Ne2 Bb7 9.Ng3 Ne7 10.h5
g5 11.Ba2 Nd7 12.O-O O-O 13.c3 c5 14.Be3 Qc7 15.Nh2 e5 16.Qd2 Nf6 17.dxe5 dxe5 18.f3
Rad8 19.Qf2 Rd6 20.a5 Nd7 21.axb6 Rxb6 22.b4 Rc6 23.Bd5 Nxd5 24.exd5 Rd6 25.Nf5 cxb4
26.Nxd6 Qxd6 27.cxb4 Qxd5 28.Rad1 Qb5 29.Rd6 Rc8 30.Ng4 Kh7 31.Qa2 f5 32.Qf7 1-0

[Event "1. Bundesliga 2016/2017"]
[Site "Mattersburg"]
[Date "2016.10.22"]
[Round "3"]
[Board "1"]
[White "Gonda, Laszlo"]
[Black "Prohaszka, Peter"]
[Result "1/2-1/2"]
[WhiteElo "2485"]
[BlackElo "2592"]
[PlyCount "62"]
[EventDate "2016.10.20"]
[EventType "team"]
[EventRounds "11"]
[EventCountry "AUT"]
[WhiteTeam "ASK St. Valentin"]
[BlackTeam "mpimmo Wien - SK Ottakring"]

1.c4 c6 2.d4 d5 3.cxd5 cxd5 4.Bf4 Nf6 5.Nc3 Nc6 6.e3 Bf5 7.Nf3 e6 8.Bb5 Bb4 9.Qb3
O-O 10.Bxc6 Bxc3+ 11.Qxc3 Rc8 12.Ne5 Ng4 13.Nxg4 Bxg4 14.Qb4 Rxc6 15.Qxb7 Qc8 16.Qxc8
Rfxc8 17.O-O a5 18.b3 Bf5 19.h3 h5 20.Rfd1 f6 21.h4 Kf7 22.Rd2 a4 23.bxa4 Ra8 24.Rb2
Rxa4 25.Rb7+ Kg8 26.a3 Rca6 27.Rc1 Rc4 28.Ra1 Rca4 29.Rb3 Rc4 30.Rb8+ Kf7 31.Rd8 Ke7 1/2-1/2

[Event "1. Bundesliga 2016/2017"]
[Site "Mattersburg"]
[Date "2016.10.22"]
[Round "3"]
[Board "2"]
[White "Banusz, Tamas"]
[Black "Flumbort, Andras"]
[Result "1/2-1/2"]
[WhiteElo "2613"]
[BlackElo "2451"]
[PlyCount "89"]
[EventDate "2016.10.20"]
[EventType "team"]
[EventRounds "11"]
[EventCountry "AUT"]
[WhiteTeam "mpimmo Wien - SK Ottakring"]
[BlackTeam "ASK St. Valentin"]

1.c4 c6 2.Nf3 Nf6 3.g3 d5 4.Bg2 g6 5.b3 Bg7 6.Bb2 O-O 7.O-O a5 8.d3 a4 9.Nbd2 b5 10.Qc2
bxc4 11.bxc4 Nbd7 12.Rab1 e6 13.cxd5 cxd5 14.Ba3 Re8 15.Nd4 Ne5 16.Nb5 Ra6 17.Rfc1
Nc6 18.Nf3 Bf8 19.Bxf8 Rxf8 20.Qc5 Bd7 21.e3 Qa5 22.Nbd4 Qxc5 23.Rxc5 Nxd4 24.Nxd4
Rfa8 25.h3 Ra5 26.Rc3 Kf8 27.f4 Ke7 28.Rb7 Kd8 29.e4 Rc8 30.Rxc8+ Kxc8 31.Rb4 dxe4
32.dxe4 e5 33.Ne2 exf4 34.gxf4 Rc5 35.Rb2 Bc6 36.e5 Bxg2 37.Kxg2 Nd5 38.Kf3 Kc7 39.Ke4
Nb6 40.Nd4 Nd5 41.e6 f6 42.f5 Ne7 43.fxg6 hxg6 44.Rb4 Nd5 45.Rb2 1/2-1/2

[Event "1. Bundesliga 2016/2017"]
[Site "Mattersburg"]
[Date "2016.10.22"]
[Round "3"]
[Board "3"]
[White "Hajnal, Zoltan"]
[Black "Papp, Gabor"]
[Result "1/2-1/2"]
[WhiteElo "2382"]
[BlackElo "2581"]
[PlyCount "177"]
[EventDate "2016.10.20"]
[EventType "team"]
[EventRounds "11"]
[EventCountry "AUT"]
[WhiteTeam "ASK St. Valentin"]
[BlackTeam "mpimmo Wien - SK Ottakring"]

1.e4 e5 2.Nf3 Nc6 3.Bc4 Nf6 4.d3 Bc5 5.c3 O-O 6.Bb3 d5 7.Qe2 h6 8.Nbd2 Re8 9.h3 d4
10.g4 Nh7 11.Nf1 a5 12.a4 Be6 13.Bc2 Nf8 14.Ng3 Ng6 15.Nh5 Be7 16.O-O Bg5 17.Nxe5
Ngxe5 18.f4 g6 19.Ng3 Bh4 20.Kh2 Kh7 21.fxe5 Nxe5 22.cxd4 Qxd4 23.Qe3 Qxe3 24.Bxe3
Rad8 25.d4 Nc4 26.Bf2 Bg5 27.d5 Bc8 28.Bd4 Kg8 29.Rae1 c6 30.b3 Nd2 31.Rf2 cxd5 32.Bb6
Rd6 33.Bxa5 dxe4 34.Nxe4 Nxe4 35.Rxe4 Rxe4 36.Bxe4 Be6 37.Rf3 b6 38.Be1 Rd4 39.Bc6
Bd2 40.Bf2 Rb4 41.Kg2 Bxb3 42.Rd3 Bg5 43.Be1 Rc4 44.Bb5 Rc2+ 45.Kf3 Rc1 46.Rxb3 Rxe1
47.Be2 Ra1 48.Rxb6 Rxa4 49.Rb7 Ra3+ 50.Kg2 Rc3 51.Bf3 Rc2+ 52.Kg3 Rd2 53.Bc6 Rd3+
54.Kg2 Bh4 55.Rd7 Rg3+ 56.Kh2 Re3 57.Bd5 Be7 58.Kg2 Kg7 59.Bc4 Re4 60.Bd3 Re5 61.Bc4
Kf8 62.Bd5 h5 63.Kf3 h4 64.Be4 Ra5 65.Rd3 Ra2 66.Kf4 Rf2+ 67.Rf3 Re2 68.Bd3 Re1 69.Bc4
g5+ 70.Kf5 Kg7 71.Bd5 Bf6 72.Be4 Bb2 73.Rb3 Bd4 74.Rd3 Bf6 75.Rf3 Re2 76.Rd3 Rb2 77.Bc6
Rb4 78.Be4 Bb2 79.Rd1 Ra4 80.Bd5 Bf6 81.Be4 Ra7 82.Rd6 Ra5+ 83.Rd5 Ra2 84.Rd3 Re2
85.Rb3 Bd4 86.Rd3 Be3 87.Bf3 Re1 88.Rd1 Rxd1 89.Bxd1 1/2-1/2

[Event "1. Bundesliga 2016/2017"]
[Site "Mattersburg"]
[Date "2016.10.22"]
[Round "3"]
[Board "4"]
[White "Dragnev, Valentin"]
[Black "Sandhoefner, Florian"]
[Result "1-0"]
[WhiteElo "2515"]
[BlackElo "2257"]
[PlyCount "79"]
[EventDate "2016.10.20"]
[EventType "team"]
[EventRounds "11"]
[EventCountry "AUT"]
[WhiteTeam "mpimmo Wien - SK Ottakring"]
[BlackTeam "ASK St. Valentin"]

1.d4 d5 2.Bf4 Nf6 3.e3 c5 4.c3 Nc6 5.Nd2 Bf5 6.Ngf3 e6 7.Qb3 Qb6 8.Nh4 Bg6 9.Qxb6
axb6 10.a3 Be7 11.h3 Nd7 12.Nxg6 hxg6 13.Bd3 e5 14.dxe5 Ndxe5 15.Be2 Bd6 16.O-O-O
O-O-O 17.Rhe1 Bc7 18.Bg3 Nd7 19.Bxc7 Kxc7 20.Nf3 Nf6 21.c4 Rd7 22.cxd5 Nxd5 23.Ng5
Rhd8 24.Rd2 Na5 25.Rdd1 Nc6 26.Bc4 Ne5 27.Bb5 Re7 28.Rd2 Nf6 29.Rxd8 Kxd8 30.Kc2 Nfd7
31.Rd1 f6 32.Ne4 Kc7 33.Nc3 Re6 34.f4 Nc6 35.Bc4 Re8 36.Bf7 Rf8 37.Nd5+ Kb8 38.Bxg6
c4 39.Bf5 Nc5 40.Nxb6 1-0

[Event "1. Bundesliga 2016/2017"]
[Site "Mattersburg"]
[Date "2016.10.22"]
[Round "3"]
[Board "5"]
[White "Heimberger, Reinhard"]
[Black "Beckhuis, Gernod"]
[Result "1/2-1/2"]
[WhiteElo "2282"]
[BlackElo "2261"]
[PlyCount "88"]
[EventDate "2016.10.20"]
[EventType "team"]
[EventRounds "11"]
[EventCountry "AUT"]
[WhiteTeam "ASK St. Valentin"]
[BlackTeam "mpimmo Wien - SK Ottakring"]

1.d4 Nf6 2.g3 d5 3.Bg2 e6 4.Nf3 Be7 5.O-O O-O 6.b3 c5 7.Bb2 Nc6 8.e3 cxd4 9.exd4 b6
10.c4 Ba6 11.Ne5 Rc8 12.Nxc6 Rxc6 13.Re1 Rc7 14.cxd5 Nxd5 15.a3 Bb7 16.Qd3 Qa8 17.Bf1
Rd8 18.Nd2 Nf6 19.Nc4 Qc8 20.Ne5 Ba8 21.Bg2 Bxg2 22.Kxg2 Qb7+ 23.Qf3 Qxf3+ 24.Kxf3
Rc2 25.Re2 Rdc8 26.Rae1 Nd5 27.Rxc2 Rxc2 28.Re2 Rc8 29.Re1 Bg5 30.Nc4 b5 31.Nd6 Rc6
32.Ne4 Bf6 33.Rc1 Rxc1 34.Nxf6+ Nxf6 35.Bxc1 Nd5 36.Ke4 Kf8 37.g4 Ke7 38.Bd2 Nf6+
39.Kf4 Kd6 40.Bb4+ Kd5 41.Bf8 Ne8 42.Ke3 g6 43.Be7 a6 44.f3 h6 1/2-1/2

[Event "1. Bundesliga 2016/2017"]
[Site "Mattersburg"]
[Date "2016.10.22"]
[Round "3"]
[Board "6"]
[White "Steiner, Adam"]
[Black "Kranzl, Peter"]
[Result "0-1"]
[WhiteElo "2220"]
[BlackElo "2187"]
[PlyCount "66"]
[EventDate "2016.10.20"]
[EventType "team"]
[EventRounds "11"]
[EventCountry "AUT"]
[WhiteTeam "mpimmo Wien - SK Ottakring"]
[BlackTeam "ASK St. Valentin"]

1.e4 c6 2.d4 d5 3.e5 Bf5 4.c4 e6 5.Nc3 h6 6.Nf3 Nd7 7.cxd5 cxd5 8.Qb3 Rb8 9.Bd2 a6
10.Rc1 Ne7 11.Na4 Nc6 12.Be2 Be7 13.O-O O-O 14.a3 Be4 15.Be3 Na5 16.Qa2 b5 17.Nc3
Bg6 18.Nd2 Nc4 19.Nxc4 bxc4 20.f4 Nb6 21.g4 Qd7 22.Rf2 f6 23.Rcf1 fxe5 24.fxe5 Rxf2
25.Rxf2 Na4 26.Nxa4 Qxa4 27.Qa1 Qb3 28.Qc1 Qxb2 29.Qf1 Qxa3 30.Bc1 Qc3 31.g5 Rb1 32.Bg4
Rxc1 33.Bxe6+ Kh7 0-1

[Event "1. Bundesliga 2016/2017"]
[Site "Mattersburg"]
[Date "2016.10.23"]
[Round "4"]
[Board "1"]
[White "Bosiocic, Marin"]
[Black "Prohaszka, Peter"]
[Result "1/2-1/2"]
[WhiteElo "2610"]
[BlackElo "2592"]
[PlyCount "85"]
[EventDate "2016.10.20"]
[EventType "team"]
[EventRounds "11"]
[EventCountry "AUT"]
[WhiteTeam "SV Pillenkoenig St. Veit"]
[BlackTeam "mpimmo Wien - SK Ottakring"]

1.c4 c6 2.Nf3 d5 3.e3 Nf6 4.Nc3 g6 5.d4 Bg7 6.Be2 O-O 7.O-O e6 8.b3 b6 9.Ba3 Re8 10.Qc2
Bb7 11.Rac1 a5 12.Rfd1 Na6 13.Qb1 Nb4 14.Bb2 Ne4 15.a3 Nxc3 16.Bxc3 Na6 17.b4 axb4
18.axb4 Nb8 19.b5 cxb5 20.cxd5 Qxd5 21.Bxb5 Rc8 22.Be1 Rxc1 23.Rxc1 Qd8 24.Ne5 Bxe5
25.dxe5 Nd7 26.Bxd7 Qxd7 27.Qxb6 Rc8 28.Rxc8+ Qxc8 29.f3 h6 30.h3 Ba6 31.Bh4 g5 32.Bg3
Qc1+ 33.Kh2 Bf1 34.Qd8+ Kh7 35.Bf2 Qb2 36.Kg1 Ba6 37.Qd6 Qe2 38.e4 Qf1+ 39.Kh2 Qxf2
40.Qxa6 Qd2 41.Qd6 Qf4+ 42.Kg1 h5 43.Qd4 1/2-1/2

[Event "1. Bundesliga 2016/2017"]
[Site "Mattersburg"]
[Date "2016.10.23"]
[Round "4"]
[Board "2"]
[White "Banusz, Tamas"]
[Black "Brkic, Ante"]
[Result "1/2-1/2"]
[WhiteElo "2613"]
[BlackElo "2552"]
[PlyCount "140"]
[EventDate "2016.10.20"]
[EventType "team"]
[EventRounds "11"]
[EventCountry "AUT"]
[WhiteTeam "mpimmo Wien - SK Ottakring"]
[BlackTeam "SV Pillenkoenig St. Veit"]

1.Nf3 d5 2.d4 Nf6 3.c4 e6 4.g3 Bb4+ 5.Bd2 Be7 6.Bg2 Nbd7 7.Qc2 c6 8.O-O b6 9.Bf4 Ba6
10.cxd5 cxd5 11.Ne5 Nxe5 12.dxe5 Nd7 13.Rd1 g5 14.Be3 O-O 15.Bd4 Bc5 16.e4 Bxd4 17.Rxd4
Nxe5 18.exd5 Qf6 19.Rd1 Bb7 20.Nc3 Nf3+ 21.Kh1 exd5 22.Nxd5 Bxd5 23.Rxd5 Ne5 24.Qc3
Rae8 25.Rf1 h6 26.h3 Qg7 27.Qc7 f6 28.Qc2 Rd8 29.Rfd1 Rxd5 30.Rxd5 f5 31.f4 gxf4 32.gxf4
Ng6 33.Rxf5 Re8 34.Qc4+ Kh8 35.Rf7 Qxb2 36.Qc7 Kg8 37.Rh7 Re7 38.Rxe7 Nxe7 39.Qxe7
Qc1+ 40.Kh2 Qxf4+ 41.Kg1 Qd4+ 42.Kh1 Qa1+ 43.Kh2 Qxa2 44.Qe5 Kh7 45.h4 Qd2 46.Kg3
Qd3+ 47.Bf3 Qg6+ 48.Kh2 Qc2+ 49.Be2 a5 50.Kg3 Qg6+ 51.Kf4 Qf7+ 52.Ke3 Kg8 53.Bd3 Kf8
54.Be4 Qb3+ 55.Kf2 Qf7+ 56.Bf3 Qa2+ 57.Kg3 Qg8+ 58.Kh3 Qf7 59.Bd5 Qf1+ 60.Bg2 Qf7
61.Kh2 h5 62.Kh1 Qg6 63.Qb8+ Kg7 64.Qb7+ Kf8 65.Qb8+ Kg7 66.Qc7+ Kf8 67.Qd8+ Kg7 68.Qe7+
Qf7 69.Qe5+ Qf6 70.Qxh5 Qf4 1/2-1/2

[Event "1. Bundesliga 2016/2017"]
[Site "Mattersburg"]
[Date "2016.10.23"]
[Round "4"]
[Board "3"]
[White "Antoniewski, Rafal"]
[Black "Papp, Gabor"]
[Result "0-1"]
[WhiteElo "2535"]
[BlackElo "2581"]
[PlyCount "78"]
[EventDate "2016.10.20"]
[EventType "team"]
[EventRounds "11"]
[EventCountry "AUT"]
[WhiteTeam "SV Pillenkoenig St. Veit"]
[BlackTeam "mpimmo Wien - SK Ottakring"]

1.c4 c5 2.Nf3 Nc6 3.Nc3 Nf6 4.g3 g6 5.Bg2 Bg7 6.d4 cxd4 7.Nxd4 O-O 8.O-O d6 9.Nxc6
bxc6 10.Bxc6 Rb8 11.Bg2 Qa5 12.Qc2 Bf5 13.e4 Be6 14.Nd5 Nxd5 15.exd5 Bf5 16.Qe2 Rfe8
17.g4 Bc8 18.Rd1 Ba6 19.Bf1 e6 20.Qc2 exd5 21.Rxd5 Qxd5 22.cxd5 Re1 23.Kg2 Rc8 24.Qd2
Bxf1+ 25.Kg3 Rce8 26.a4 Bc4 27.Kg2 R8e5 28.Ra3 Bxd5+ 29.Kh3 h5 30.Re3 hxg4+ 31.Kxg4
Rg1+ 32.Rg3 Be6+ 33.Kf3 Rf5+ 34.Ke4 Re1+ 35.Re3 Re5+ 36.Kf3 Bd5+ 37.Kg4 R5xe3 38.Qxd5
Rg1+ 39.Kf4 Bh6+ 0-1

[Event "1. Bundesliga 2016/2017"]
[Site "Mattersburg"]
[Date "2016.10.23"]
[Round "4"]
[Board "4"]
[White "Dragnev, Valentin"]
[Black "Rogic, Davor"]
[Result "0-1"]
[WhiteElo "2515"]
[BlackElo "2516"]
[PlyCount "114"]
[EventDate "2016.10.20"]
[EventType "team"]
[EventRounds "11"]
[EventCountry "AUT"]
[WhiteTeam "mpimmo Wien - SK Ottakring"]
[BlackTeam "SV Pillenkoenig St. Veit"]

1.e4 e5 2.Nf3 Nc6 3.Bc4 Bc5 4.d3 Nf6 5.c3 d6 6.O-O O-O 7.a4 a6 8.Bg5 h6 9.Bh4 Qe7
10.d4 Ba7 11.Re1 Bg4 12.d5 Nb8 13.h3 Bc8 14.Nbd2 Kh8 15.g4 Nbd7 16.Kg2 Rg8 17.Bg3
Nh7 18.Nf1 g6 19.Kh2 Ndf6 20.Qd2 Ng5 21.Nxg5 hxg5 22.Kg2 Nh7 23.Ne3 Bd7 24.Bd3 Kg7
25.Rh1 Rh8 26.h4 gxh4 27.Bxh4 g5 28.Bg3 Bxe3 29.Qxe3 Bxg4 30.f4 exf4 31.Bxf4 gxf4
32.Qxf4 f5 33.exf5 Rag8 34.Rae1 Qg5 35.Qxg5+ Nxg5 36.Re7+ Kf6 37.Rxh8 Rxh8 38.Rxc7
Bf3+ 39.Kf2 Bxd5 40.c4 Bc6 41.b4 Rh7 42.Rxh7 Nxh7 43.b5 Bd7 44.bxa6 bxa6 45.c5 dxc5
46.Bxa6 Bxa4 47.Ke3 Bc2 48.Kd2 Bxf5 49.Kc3 Ke5 50.Bb5 Nf6 51.Bf1 Be6 52.Ba6 Ke4 53.Bb5
Ke3 54.Ba6 Ne4+ 55.Kc2 Kd4 56.Bb5 Bc4 57.Be8 Bd3+ 0-1

[Event "1. Bundesliga 2016/2017"]
[Site "Mattersburg"]
[Date "2016.10.23"]
[Round "4"]
[Board "5"]
[White "Koop, Thorben"]
[Black "Schneider-Zinner, Harald"]
[Result "1/2-1/2"]
[WhiteElo "2398"]
[BlackElo "2392"]
[PlyCount "70"]
[EventDate "2016.10.20"]
[EventType "team"]
[EventRounds "11"]
[EventCountry "AUT"]
[WhiteTeam "SV Pillenkoenig St. Veit"]
[BlackTeam "mpimmo Wien - SK Ottakring"]

1.Nf3 d5 2.g3 Nf6 3.Bg2 e6 4.O-O Be7 5.d4 O-O 6.c4 dxc4 7.Ne5 Nc6 8.Bxc6 bxc6 9.Nxc6
Qe8 10.Nxe7+ Qxe7 11.Qa4 e5 12.dxe5 Qxe5 13.Nc3 Be6 14.Bf4 Qh5 15.Bxc7 Rfe8 16.Bd6
Nd5 17.Qa5 Rad8 18.Bc7 Rd7 19.Rad1 Qf5 20.e4 Qf3 21.Nxd5 Rxd5 22.Qxd5 Bxd5 23.exd5
Re2 24.Rd4 Re4 25.Rxe4 Qxe4 26.d6 Qd5 27.Re1 g5 28.h3 h5 29.Bb8 a5 30.a4 Kg7 31.Bc7
Kg6 32.Re7 Qd1+ 33.Kg2 Qd5+ 34.Kg1 Qd1+ 35.Kg2 Qd5+ 1/2-1/2

[Event "1. Bundesliga 2016/2017"]
[Site "Mattersburg"]
[Date "2016.10.23"]
[Round "4"]
[Board "6"]
[White "Beckhuis, Gernod"]
[Black "Hoelzl, Franz"]
[Result "1/2-1/2"]
[WhiteElo "2261"]
[BlackElo "2321"]
[PlyCount "101"]
[EventDate "2016.10.20"]
[EventType "team"]
[EventRounds "11"]
[EventCountry "AUT"]
[WhiteTeam "mpimmo Wien - SK Ottakring"]
[BlackTeam "SV Pillenkoenig St. Veit"]

1.d4 Nf6 2.c4 e6 3.Nf3 d5 4.g3 dxc4 5.Bg2 Bb4+ 6.Bd2 c5 7.dxc5 Bxc5 8.Qa4+ Nbd7 9.O-O
O-O 10.Qxc4 b5 11.Qb3 Bb7 12.Qxb5 Rb8 13.Qa5 Bxf3 14.Qxd8 Rfxd8 15.Bxf3 Bd4 16.Bc3
Ne5 17.Bxd4 Rxd4 18.b3 g5 19.Rc1 Nxf3+ 20.exf3 Rd3 21.Kg2 h5 22.Na3 g4 23.fxg4 hxg4
24.Nc4 Rbd8 25.h3 Kg7 26.hxg4 Nxg4 27.Re1 R8d5 28.Re4 Nf6 29.Re2 Rc3 30.Rae1 Rh5 31.Re5
Rxe5 32.Rxe5 Rc2 33.Kf3 Nd5 34.Re2 Rxe2 35.Kxe2 Nc3+ 36.Kd2 Nxa2 37.Na5 Nb4 38.Kc3
Nd5+ 39.Kd4 Kf6 40.Nc6 a6 41.Nb8 Nb4 42.f3 a5 43.Nd7+ Kf5 44.Nb6 e5+ 45.Kc5 e4 46.fxe4+
Kxe4 47.Nc4 Nd3+ 48.Kb5 Nc1 49.Nd6+ Kf3 50.Nxf7 Kxg3 51.Kxa5 1/2-1/2

[Event "1. Bundesliga 2016/2017"]
[Site "Mattersburg"]
[Date "2016.10.23"]
[Round "4"]
[Board "1"]
[White "Georgiadis, Nico"]
[Black "Gonda, Laszlo"]
[Result "1/2-1/2"]
[WhiteElo "2478"]
[BlackElo "2485"]
[PlyCount "62"]
[EventDate "2016.10.20"]
[EventType "team"]
[EventRounds "11"]
[EventCountry "AUT"]
[WhiteTeam "Schachclub Sparkasse Goetzis"]
[BlackTeam "ASK St. Valentin"]

1.d4 d5 2.c4 c6 3.Nf3 Nf6 4.Qb3 dxc4 5.Qxc4 Bg4 6.Nc3 Nbd7 7.Bf4 Nb6 8.Qd3 Nbd5 9.Nxd5
Qxd5 10.Ne5 Rd8 11.f3 Be6 12.e4 Qxd4 13.Qxd4 Rxd4 14.Be3 Rd8 15.Bxa7 Nd7 16.Nxd7 Rxd7
17.b3 g6 18.Bb6 Bg7 19.Rc1 Bd4 20.Bxd4 Rxd4 21.Rd1 Rxd1+ 22.Kxd1 Kd7 23.Kc2 Ra8 24.Kb2
Kd6 25.Be2 Ke5 26.Rd1 h5 27.Bc4 g5 28.Bxe6 Kxe6 29.a4 f6 30.Kc3 h4 31.Rd2 b6 1/2-1/2

[Event "1. Bundesliga 2016/2017"]
[Site "Mattersburg"]
[Date "2016.10.23"]
[Round "4"]
[Board "2"]
[White "Flumbort, Andras"]
[Black "Krassowizkij, Jaroslaw"]
[Result "1/2-1/2"]
[WhiteElo "2451"]
[BlackElo "2453"]
[PlyCount "60"]
[EventDate "2016.10.20"]
[EventType "team"]
[EventRounds "11"]
[EventCountry "AUT"]
[WhiteTeam "ASK St. Valentin"]
[BlackTeam "Schachclub Sparkasse Goetzis"]

1.Nf3 d5 2.d4 Nf6 3.c4 dxc4 4.e3 e6 5.Bxc4 c5 6.O-O a6 7.Bb3 Be7 8.Nc3 O-O 9.Qe2 cxd4
10.Rd1 Nc6 11.Nxd4 Qc7 12.Nxc6 Qxc6 13.e4 b5 14.Bg5 h6 15.Bh4 Bb7 16.Rac1 Qe8 17.Bg3
Rd8 18.Rxd8 Qxd8 19.Rd1 Qa8 20.f3 Bc5+ 21.Bf2 Bxf2+ 22.Qxf2 Rd8 23.Rd4 Qc8 24.Qe3
Rxd4 25.Qxd4 Nd7 26.Kf2 e5 27.Qd6 Qc5+ 28.Qxc5 Nxc5 29.Bc2 Ne6 30.Ke3 Kf8 1/2-1/2

[Event "1. Bundesliga 2016/2017"]
[Site "Mattersburg"]
[Date "2016.10.23"]
[Round "4"]
[Board "3"]
[White "Hirneise, Tobias"]
[Black "Hajnal, Zoltan"]
[Result "0-1"]
[WhiteElo "2466"]
[BlackElo "2382"]
[PlyCount "132"]
[EventDate "2016.10.20"]
[EventType "team"]
[EventRounds "11"]
[EventCountry "AUT"]
[WhiteTeam "Schachclub Sparkasse Goetzis"]
[BlackTeam "ASK St. Valentin"]

1.d4 d5 2.c4 c6 3.Nf3 Nf6 4.e3 Bf5 5.Nc3 e6 6.Nh4 Be4 7.f3 Bg6 8.Qb3 Qc7 9.Bd2 Be7
10.cxd5 exd5 11.Nxg6 hxg6 12.e4 Qb6 13.Qxb6 axb6 14.Bd3 dxe4 15.fxe4 Na6 16.e5 Ng4
17.h3 Nb4 18.Be4 O-O-O 19.Ke2 Nh6 20.a3 Na6 21.d5 Nc5 22.d6 Bf8 23.b4 Nxe4 24.Nxe4
Re8 25.Bc3 f6 26.Rhd1 Kd7 27.Kf3 fxe5 28.a4 Nf5 29.a5 Rh4 30.g3 Rxe4 31.Kxe4 Nxd6+
32.Kf3 Kc7 33.Re1 e4+ 34.Kg4 Nc4 35.Re2 b5 36.a6 bxa6 37.Rxa6 Ne5+ 38.Kg5 Nd3 39.Kxg6
Bxb4 40.Bxg7 Bd6 41.h4 Kb7 42.Ra1 Bxg3 43.Kf7 Rc8 44.Rxe4 Rc7+ 45.Kg6 c5 46.Bf6 Nf4+
47.Kf5 Nd5 48.Bb2 c4 49.Rg1 Bf2 50.Rc1 c3 51.Ba3 Bc5 52.Bxc5 Rxc5 53.h5 b4 54.h6 b3
55.h7 b2 56.Rb1 c2 57.Rxb2+ Nb6+ 58.Ke6 Rc6+ 59.Kf5 c1=Q 60.h8=Q Qf1+ 61.Ke5 Rc5+
62.Kd6 Rc6+ 63.Ke5 Rc5+ 64.Kd6 Rd5+ 65.Ke7 Rd7+ 66.Ke6 Qf7+ 0-1

[Event "1. Bundesliga 2016/2017"]
[Site "Mattersburg"]
[Date "2016.10.23"]
[Round "4"]
[Board "4"]
[White "Sandhoefner, Florian"]
[Black "Kvetny, Mark"]
[Result "1/2-1/2"]
[WhiteElo "2257"]
[BlackElo "2377"]
[PlyCount "60"]
[EventDate "2016.10.20"]
[EventType "team"]
[EventRounds "11"]
[EventCountry "AUT"]
[WhiteTeam "ASK St. Valentin"]
[BlackTeam "Schachclub Sparkasse Goetzis"]

1.d4 Nf6 2.c4 e6 3.Nc3 Bb4 4.Qc2 b6 5.a3 Bxc3+ 6.Qxc3 Bb7 7.Bg5 h6 8.Bh4 g5 9.Bg3
Ne4 10.Qc2 d6 11.f3 Nxg3 12.hxg3 Qf6 13.e3 Nd7 14.Bd3 O-O-O 15.Ne2 h5 16.O-O-O h4
17.Be4 hxg3 18.Bxb7+ Kxb7 19.Nxg3 c6 20.Rxh8 Rxh8 21.Rh1 Rh4 22.Rxh4 gxh4 23.Ne4 Qe7
24.Qf2 d5 25.cxd5 cxd5 26.Nc3 Qg5 27.f4 Qe7 28.Ne2 Nf8 29.Ng1 Ng6 30.Nf3 Qc7+ 1/2-1/2